| 000 | 00607nam a2200181 i 4500 | ||
|---|---|---|---|
| 001 | 63411 | ||
| 003 | ES-MaACL | ||
| 005 | 20231229063017.0 | ||
| 007 | t| | ||
| 008 | 031210s1948 sp ||||1| spa d | ||
| 100 | 1 |
_aFerreiro, Ramón, _d1903-1978 _950394 |
|
| 245 | 1 | 3 |
_aLa caravana de Oriente _b: estampa radiofónica / _cRamón Ferreiro ; dibujos J. Casas. |
| 260 |
_aValladolid : _b[s.n.], _c1948 ( _fTip. del colegio mayor universitario Santa Cruz) |
||
| 300 |
_a41 p. : _bil. ; _c17 cm. |
||
| 700 | 1 |
_aCasas, J. _9181915 |
|
| 852 |
_aES-MaACL _j1898-F-10 _bR.27051 |
||
| 999 |
_c63411 _d63411 |
||